The law student's dictionary. (Record no. 594528)
[ view plain ]
| 000 -LEADER | |
|---|---|
| fixed length control field | 01272cam a2200325 a 4500 |
| 001 - CONTROL NUMBER | |
| control field | 15173633 |
| 005 - DATE AND TIME OF LATEST TRANSACTION | |
| control field | 20230417131815.0 |
| 008 - FIXED-LENGTH DATA ELEMENTS--GENERAL INFORMATION | |
| fixed length control field | 080208s2008 enk 000 0 eng |
| 010 ## - LIBRARY OF CONGRESS CONTROL NUMBER | |
| LC control number | 2008006018 |
| 020 ## - INTERNATIONAL STANDARD BOOK NUMBER | |
| International Standard Book Number | 9780199218998 |
| 040 ## - CATALOGING SOURCE | |
| Original cataloging agency | DLC |
| Transcribing agency | DLC |
| Modifying agency | DLC |
| 043 ## - GEOGRAPHIC AREA CODE | |
| Geographic area code | e-uk--- |
| 050 00 - LIBRARY OF CONGRESS CALL NUMBER | |
| Classification number | KD313 |
| Item number | .M69 2008 |
| 082 00 - DEWEY DECIMAL CLASSIFICATION NUMBER | |
| Classification number | 340.03 |
| Author Mark | PEN |
| 100 1# - MAIN ENTRY--PERSONAL NAME | |
| Personal name | Penner, J. E. |
| Fuller form of name | (James E.) |
| 9 (RLIN) | 103034 |
| 245 14 - TITLE STATEMENT | |
| Title | The law student's dictionary. |
| 250 ## - EDITION STATEMENT | |
| Remainder of edition statement | J.E. Penner. |
| 260 ## - PUBLICATION, DISTRIBUTION, ETC. | |
| Place of publication, distribution, etc. | Oxford ; |
| -- | New York : |
| Name of publisher, distributor, etc. | Oxford University Press, |
| Date of publication, distribution, etc. | 2008. |
| 300 ## - PHYSICAL DESCRIPTION | |
| Extent | 318 p. ; |
| Dimensions | 25 cm. |
| 500 ## - GENERAL NOTE | |
| General note | First ed. published in 1876 under title: A concise law dictionary. |
| 500 ## - GENERAL NOTE | |
| General note | Rev. ed. of: Mozley & Whiteley's law dictionary. |
| 650 #0 - SUBJECT ADDED ENTRY--TOPICAL TERM | |
| Topical term or geographic name entry element | Law |
| Geographic subdivision | Great Britain |
| Form subdivision | Dictionaries. |
| 9 (RLIN) | 111935 |
| 700 1# - ADDED ENTRY--PERSONAL NAME | |
| Personal name | Mozley, Herbert Newman, |
| Dates associated with a name | 1838- |
| 9 (RLIN) | 111936 |
| 700 1# - ADDED ENTRY--PERSONAL NAME | |
| Personal name | Whiteley, George Crispe, |
| Dates associated with a name | 1845-1918. |
| 9 (RLIN) | 111937 |
| 700 1# - ADDED ENTRY--PERSONAL NAME | |
| Personal name | Penner, J. E. |
| Fuller form of name | (James E.). |
| Title of a work | Mozley & Whiteley's law dictionary. |
| 9 (RLIN) | 111938 |
| 700 1# - ADDED ENTRY--PERSONAL NAME | |
| Personal name | Mozley, Herbert Newman, 1838- |
| Title of a work | Concise law dictionary. |
| 9 (RLIN) | 111939 |
| 906 ## - LOCAL DATA ELEMENT F, LDF (RLIN) | |
| a | 7 |
| b | cbc |
| c | orignew |
| d | 1 |
| e | ecip |
| f | 20 |
| g | y-gencatlg |
| 942 ## - ADDED ENTRY ELEMENTS (KOHA) | |
| Source of classification or shelving scheme | |
| Koha item type | Book |
| Withdrawn status | Lost status | Source of classification or shelving scheme | Damaged status | Not for loan | Permanent Location | Current Location | Shelving location | Date acquired | Source of acquisition | Full call number | Barcode | Date last seen | Price effective from | Koha item type | Total Checkouts | Date last checked out |
|---|---|---|---|---|---|---|---|---|---|---|---|---|---|---|---|---|
| NUST Law School (NLS) | NUST Law School (NLS) | Law | 04/17/2023 | Progressive International Agencies | 340.03 PEN | CL-1472 | 04/17/2023 | 04/17/2023 | Book | |||||||
| NUST Law School (NLS) | NUST Law School (NLS) | Law | 04/17/2023 | Progressive International Agencies | 340.03 PEN | CL-1473 | 02/25/2025 | 04/17/2023 | Book | 5 | 10/18/2024 | |||||
| NUST Law School (NLS) | NUST Law School (NLS) | Law | 04/17/2023 | Progressive International Agencies | 340.03 PEN | CL-1474 | 03/10/2024 | 04/17/2023 | Book | 1 | 03/07/2024 | |||||
| NUST Law School (NLS) | NUST Law School (NLS) | Law | 04/17/2023 | Progressive International Agencies | 340.03 PEN | CL-1475 | 11/28/2023 | 04/17/2023 | Book | |||||||
| NUST Law School (NLS) | NUST Law School (NLS) | Law | 04/17/2023 | Progressive International Agencies | 340.03 PEN | CL-1476 | 04/17/2023 | 04/17/2023 | Book |
